|
|
|
|
| LEADER |
00000nam0a2200000 4500 |
| 001 |
184220 |
| 005 |
20231031172122.0 |
| 010 |
|
|
|a 9785699406708
|
| 035 |
|
|
|a (RuTPU)RU\TPU\book\199709
|
| 090 |
|
|
|a 184220
|
| 100 |
|
|
|a 20100831d2010 m y0rusy50 ca
|
| 101 |
0 |
|
|a rus
|
| 102 |
|
|
|a RU
|
| 105 |
|
|
|a y z 000ay
|
| 200 |
1 |
|
|a С чистого листа
|e роман
|f Т. В. Полякова
|
| 210 |
|
|
|a Москва
|c Эксмо
|d 2010
|
| 215 |
|
|
|a 352 с.
|
| 225 |
1 |
|
|a Авантюрный детектив
|
| 330 |
|
|
|a Он ничего не помнил. Ничего, кроме своего имени. И... девушки, которую увидел в толпе. Все эти дни он жил с ощущением, что ему нужно ее найти. И вот они наконец встретились. Именно в этот день Марина поняла, что знает про свое прошлое, но не помнит его. Кто она? Как ее настоящее имя? Кем она была в той жизни? Привычный мир рушится как карточный домик, у нее нет точки отсчета. Ей нужно все начинать с чистого листа...
|
| 610 |
1 |
|
|a русская литература
|
| 610 |
1 |
|
|a романы
|
| 610 |
1 |
|
|a детективы
|
| 675 |
|
|
|a Р2
|v 3
|
| 700 |
|
1 |
|a Полякова
|b Т. В.
|g Татьяна Викторовна
|
| 801 |
|
1 |
|a RU
|b 63413507
|c 20100831
|
| 801 |
|
2 |
|a RU
|b 63413507
|c 20171219
|g RCR
|
| 942 |
|
|
|c BK
|